Puntos de encuentro : los primeros 20 años de la Facultad de Traducción y Documentación de la Universidad de Salamanca /
Guardat en:
| Altres autors: | , , |
|---|---|
| Format: | Electrònic eBook |
| Idioma: | espanyol |
| Publicat: |
Salamanca (España) :
Ediciones Universidad de Salamanca,
[2013]
|
| Col·lecció: | Aquilafuente ;
198. |
| Matèries: | |
| Accés en línia: | Digitalia Hispánica |
| Etiquetes: |
Afegir etiqueta
Sense etiquetes, Sigues el primer a etiquetar aquest registre!
|
MARC
| LEADER | 00000nam a2200000Ii 4500 | ||
|---|---|---|---|
| 001 | DIGUNSAL0026 | ||
| 003 | NyNyDIG | ||
| 007 | cr ||||||||||| | ||
| 008 | 220530s2013 sp ob 000 0 spa d | ||
| 006 | m o d | ||
| 035 | |a (OCoLC)891393496 | ||
| 040 | |a DGITA |b eng |e rda |e pn |c DGITA | ||
| 020 | |a 9788490124000 |q eBook |q pdf | ||
| 020 | |a 9788490124017 |q eBook |q ePub | ||
| 020 | |a 9788490124024 |q eBook |q Mobipocket | ||
| 020 | |z 9788490123799 | ||
| 050 | 1 | 4 | |a P306.2 ebook |
| 245 | 0 | 0 | |a Puntos de encuentro : |b los primeros 20 años de la Facultad de Traducción y Documentación de la Universidad de Salamanca / |c Belén Santana López, Críspulo Travieso Rodríguez (eds.). |
| 264 | 1 | |a Salamanca (España) : |b Ediciones Universidad de Salamanca, |c [2013] | |
| 300 | |a 1 online resource. | ||
| 336 | |a text |b txt |2 rdacontent | ||
| 337 | |a computer |b c |2 rdamedia | ||
| 338 | |a online resource |b cr |2 rdacarrier | ||
| 347 | |a text file |2 rdaft | ||
| 347 | |b PDF | ||
| 490 | 1 | |a Aquilafuente ; |v 198 | |
| 504 | |a Includes bibliographical references. | ||
| 588 | 0 | |a Online resource; title from PDF title page (Digitalia, viewed May 30, 2022) | |
| 610 | 2 | 0 | |a University of Salamanca |x History. |
| 650 | 0 | |a Translating and interpreting |x Study and teaching. | |
| 650 | 0 | |a Documentation. | |
| 655 | 0 | |a Electronic books. | |
| 700 | 1 | |a Santana López, Belén, |d 1975- |e editor. | |
| 700 | 1 | |a Gómez Díaz, Raquel, |e editor. | |
| 700 | 1 | |a Travieso, Críspulo, |e editor. | |
| 791 | 2 | |a Digitalia (Firm), |e distributor. | |
| 793 | 0 | |g Digitalia eBook Collection: |a Ediciones Universidad de Salamanca | |
| 776 | 0 | 8 | |i Print version: |t Puntos de encuentro. |b 1a. edición. |d Salamanca (España) : Ediciones Universidad de Salamanca, [2013] |z 9788490123799 |
| 830 | 0 | |a Aquilafuente ; |v 198. | |
| 856 | 4 | 0 | |3 Digitalia Hispánica |u https://digitalia.unach.elogim.com/a/29319/ |
| 910 | |a Premium collection: 2022 | ||